Here Be Dragons: Illustrate an Early World Map - Statistics

General Stats
  • This quiz has been taken 49,971 times
    49,958 since last reset
  • The average score is 13 of 18
Answers on the Map
Answers color-coded by a green-red scale on the quiz's map according to % correct below.
 
Answer Stats
City % Correct
London
98%
Mexico City
94%
Lisbon
92%
Moscow
92%
Cairo
88%
Havana
86%
Istanbul
84%
Lima
79%
Manila
77%
Tunis
77%
Buenos Aires
75%
Naples
74%
Mecca
61%
Santo Domingo
50%
Frankfurt
47%
Bergen
44%
Mombasa
27%
Cartagena
18%
No matching quizzes found
Score Distribution
Percent of People with Each Score
Percentile by Number Answered
Your Score History
You have not taken this quiz since the last reset